00653 2200169 4500245009600000020002200096250001100118700001700129650002800146005001900174260003300193041001400226084001000240500019600250490002800446336000900474 aEnsiklopedia Matematika Volume 8 b : Peluang, Panghkat Tak SebenarnyacA. IsmunamtohText a978-602-9083-00-2 aCet. 2 aA. Ismunamto aEnsiklopedia Matematika a20231124104302 aJakartabLENTERA ABADIc2011 aIndonesia a510.3 aDaftar Isi : Peluang ( Pengertian Peluang, Peluang Suatu Kejadian, Frekuensi Harapan) Dan ( Bilangan Berpakat, Bilangan Dengan Pangkat Nol, Dan Bulat Negatif, Bilangan Dengan Pangkat Pecahan aEnsiklopedia Matematika atext